Statistics for The Marauders Era, Books and Beyond (Harry Potter)

Click here to take the quiz!

General Stats

  • This quiz has been taken 1,036 times
  • The average score is 44 of 58

Answer Stats

HintAnswer% Correct
What was James Potters Patronus/Animagi Form?A Stag
99%
What was Sirius Blacks Patronus/Animagi form?Black Dog
98%
What was Remus Lupin's Nickname?Moony
98%
What was Sirius Black's Nickname?Padfoot
98%
What was James Potters Nickname?Prongs
97%
What was Peter Pettigrew's Patronus/Animagi form?Rat
97%
What was Peter Pettigrew's Nickname?Wormtail
96%
What form did Remus Lupin's Boggart take?The Moon
93%
Who killed Sirius Black?Bellatrix Lestrange
91%
Who did Remus Lupin marry?Nymphadora Tonks
91%
What school year did Sirius, James, and Peter discover that Remus was a werewolf?Second-Year
91%
Who was appointed Secret Keeper for James and Lily Potter?Peter Pettigrew
90%
What other house did the Sorting Hat consider putting him in?Slytherin
89%
What was Lily Potter's Patronus?Doe
88%
On what holiday did Voldemort murder James and Lily Potter?Halloween
88%
What group, organized by Dumbledore, did the Marauders join during the First Wizarding War?The Order of the Phoenix
88%
What year did the Marauders start Hogwarts?1971
87%
What was Remus Lupin's Patronus?Ordinary Wolf
87%
What is the name of Lily Potter's sister?Petunia Evans
87%
Which Marauder did Harry interact with the most over the span of all seven books?Remus Lupin
87%
Harry Potter named his first born son James Sirius, after his father and Godfather. He named his second born after Albus Dumbledore and ___?Severus Snape (Albus Severus Potter)
87%
What was Lily Potter's maiden name?Evans
86%
What phrase closes/conceals the Marauders Map?Mischief Managed
86%
What position did Harry assume Regulus played on the Slytherin Quidditch Team when he found a photo in his room?Seeker
84%
Which Marauder said to Harry...“You’re less like your father than I thought,” he said finally, a definite coolness in his voice. “The risk would’ve been what made it fun for James.”Sirius Black
84%
How many Muggles were killed when Peter faked his own death to frame Sirius for the Potter murders?12
83%
What position did James Potter play on the Gryffindor Quidditch team?Chaser
82%
Which Marauder said to Harry: "No, I think you're like James," said _____, "who would have regarded it as the height of dishonor to mistrust his friends.”Remus Lupin
82%
How old was the longest living Marauder when he died?38
80%
What gift did Sirius bestow on Harry on his first birthday?A Toy Broomstick
80%
What phrase must you utter to open the Marauders Map?I Solemnly Swear that I am Up to No Good
77%
What magical creature killed Severus Snape, on Voldemort's orders?Nagini
77%
What alias did Peter Pettigrew use for 12 years while he lived as a rat in the Weasley household?Scabbers
77%
“Mr. _____ presents his compliments to Professor Snape, and begs him to keep his abnormally large nose out of other people's business.Moony
76%
Mr. ______ would like to register his astonishment that an idiot like that ever became a professor.Padfoot
75%
Nickname: Severus Snape? (Self-Appointed)The Half-Blood Prince
75%
Mr. ______ bids Professor Snape good day, and advises him to wash his hair, the slimeball.”Wormtail
75%
Mr. _____ agrees with Mr. *****, and would like to add that Professor Snape is an ugly git.Prongs
74%
Which Marauder said to Harry: "Harry... Harry... you look just like your father... just like him."Peter Pettigrew
73%
Nickname: Severus Snape? (Used by the Marauders)Snivellus
73%
In what village did James and Lily Potter reside before their death?Godric’s Hollow
71%
What was the name of the tree covering the entrance to the Shrieking Shack?The Whomping Willow
71%
What was Sirius Blacks middle name?Orion
70%
What was the name of the Hogwarts club, ran by Professor Slughorn, that Lily was a member of?The Slug Club
68%
What is the address of The Noble and Most Ancient House of Black?Number 12 Grimmauld Place
65%
What is Remus Lupin's middle name?John
64%
What is James Potter's Middle Name?Fleamont
63%
What was Severus Snape's Mothers Maiden Name?Prince
63%
What alias does Sirius Black use while his Animagus form, when writing to Harry?Snuffles
58%
What body part did Peter sacrifice to resurrect Voldemort in the graveyard after the Tri-Wizard Tournament?His Right Hand
57%
What magical illness killed James Potters parents?Dragon Pox
52%
To what country did Peter flee to in order to rejoin his old master, Voldemort?Albania
45%
What was the name of the charm James and Lily used to shield themselves from Voldemort?Fidelius Charm
37%
The Sorting Hat deliberated for over five minutes before deciding to place Peter into Gryffindor. What is this phenomenon referred to?A Hatstall
35%
What award was Peter given after the Wizarding World believed he’d been killed by Sirius?Order of Merlin First Class
33%
What creature did Hope Howell happen upon the day she met Lyall Lupin?Boggart
27%
What potion, created by James's father Fleamont, ironically contributed to the family fortune?Sleekeazy’s Hair Potion
26%
Peter was unable to kill Harry in the Malfoy cellar because he owed him a _____?Life Debt
22%

Score Distribution

Percentile by Number Answered

Percent of People with Each Score

Your Score History

You have not taken this quiz